000 00983cam a22002535a 4500
001 L158146
008 140915s2014 xxk f 000 0 eng d
020 _a9780203797648
035 _a(Sirsi) u158146
041 0 _aeng
100 1 _aJowsey, Ernie
245 0 0 _aReal estate concepts
_h[electronic resource]
260 _aLondon
_bRoutledge
_c2014
520 _aProvides an introduction to real estate concepts including planning,building surveying, valuation law, economics, investment and finance, quantity surveying, construction, regeneration, sustainability property management. Contains worked examples and illustrations.
590 _aKA
650 2 4 _aEBOOK
651 4 _aUnited Kingdom
_y
690 _aCommercial property
_96227
690 _aResidential property
_96266
690 _aValuation
_96273
690 _aQuantity surveying
_96263
856 4 0 _uhttps://www.vlebooks.com/
_zView on VLEbooks. Logins for members only from [email protected]
942 _n0
999 _c115171
_d115171